000 00517nam a2200193 4500
003 NTShA
005 20221212234347.0
008 221209b |||||||| |||| 00| 0 ukr d
040 _cNTShA
100 1 0 _6880-01
_aКотляр, М.Ф
245 1 0 _6880-02
_aДанило Галицький
260 3 0 _aКиїв
_bНаукова думка
_c1979
300 0 0 _b184с.
_c17 cm
546 0 0 _aUkrainian
653 1 0 _aHistory
880 1 0 _6100-01/(B
_aKotliar, M.F
880 1 0 _6245-02/(B
_aDanylo Halyts'kyi
942 _cBK
999 _c8262
_d8262